000 00912nam a2200301Ia 4500
001 dia_6273
003 CHAP
005 20221006203639.0
007 ta
008 220117s2012 xx 000 0 und d
010 _a177740
020 _a978-607-7767-66-4
040 _cCHAP
_amxchpua
050 _aC TP370
_bD53 2012
082 _aC 664
_bD53 2012
245 1 0 _aDiccionario de especialidades para la industria alimentaria /
_cdirección Antonio Carrasco Ruíz
250 _a22a edición
260 _aMéxico :
_bPLM México,
_c2012
300 _a647 páginas
503 _aD.
650 1 3 _aIndustria de los alimentos
_xDiccionarios
_9149588
650 1 3 _aFood industry
_xDictionaries
_9149587
700 1 _aCarrasco Ruíz, Antonio
_9162038
_edirector
901 _aC 664 D53 2012
902 _aM
905 _a5232272012 mx adn 8272223322spa16
942 _cLIBRO
_2ddc
999 _c177740
_d177740